000 00908nam a2200301 a 4500
001 vtls000193973
003 NLI
005 20210602113346.0
008 101125s1959 enk 001 0 eng
020 _cRs. 21.00
039 9 _y201011252311
_zVLOAD
040 0 _aNLI
_beng
_cDatasoft 1
_eAACR2
041 0 _aeng
044 _aenk
082 0 4 _a325.253095694
100 1 _aSchwarz, Walter,
_d1930-
_9376499
245 1 4 _aThe Arabs in Israel /
_cWalter Schwarz
260 _aLondon :
_bFaber and Faber,
_c1959
300 _a172 p. ;
_c22 cm.
500 _aIncludes index
650 0 _aPalestinian Arabs
_zIsrael
_9228497
887 _a
901 _a330793
_b9.2.1960
902 _aE 325.253095694 Sch 96
942 _2ddc
_cBKS
949 _AVIRTUAITEM
_D10000
_X100
_6PUR000330793ENG
999 _aVIRTUA40
_c202000
_d202000
999 _aVTLSSORT0080*0200*0400*0410*0440*0820*1000*2450*2600*3000*5000*6500*9010*9020*9490*9991